| 000 | 00403nam a2200145Ia 4500 | ||
|---|---|---|---|
| 003 | GCL | ||
| 008 | 140319s9999 xx 000 0 eng d | ||
| 040 |
_aGCL / _cGCL |
||
| 082 | 0 | 4 |
_aCH _b032 _bS E |
| 100 | 1 | _aSNOW, ALAN | |
| 245 | 1 | 0 |
_aMY FIRST ENCYCLOPEDIA / _cSNOW, ALAN |
| 260 |
_a[S.N] : _bWORLD INTERNATIONAL PUBLISHING LTD ، _c1991 |
||
| 650 | 0 | 4 | _aENCYCLOPEDIAS AND DICTIONARIES |
| 942 |
_2ddc _cBK |
||
| 999 |
_c17612 _d17612 |
||